| 000 | 02168nam a22002297a 4500 | ||
|---|---|---|---|
| 003 | 0 | ||
| 005 | 20241014123211.0 | ||
| 008 | 241014b xxu||||| |||| 00| 0 eng d | ||
| 020 | _a9781032366258 | ||
| 050 |
_aTK 7871.58 _b.Se45 2024 |
||
| 100 |
_aSelf, Douglas, _eauthor. |
||
| 245 |
_aSmall signal audio design / _cDouglas Self. |
||
| 250 | _a4th ed. | ||
| 260 |
_aNew York, NY : _bRoutledge, _c2024. |
||
| 300 |
_axxix, 816 p. : _bill. ; _c24 cm. |
||
| 504 | _aIncludes bibliographical references and index. | ||
| 520 | _a"Small Signal Audio Design is a highly practical handbook providing an extensive repertoire of circuits that can be assembled to make almost any type of audio system. This fully revised fourth edition offers wholly new content on internally balanced audio design, electret microphones, emitter-follower stability, microphony in capacitors, and much, much more. This book continues the engaging prose style familiar to readers, as you learn why mercury-filled cables are not a good idea, the pitfalls of plating gold on copper, and what quotes from Star Trek have to do with PCB design. Learn how to: make amplifiers with apparently impossibly low noise; design discrete circuitry that can handle enormous signals with vanishingly low distortion; transform the performance of low-cost-opamps; build active filters with very low noise and distortion, while saving money on expensive capacitors; make incredibly accurate volume controls; make a huge variety of audio equalisers; make magnetic cartridge preamplifiers that have noise so low it is limited by basic physics, by using load synthesis; sum, switch, clip, compress, and route audio signals; build simple but ultra-low noise power supplies; be confident that phase perception is not an issue. Including all the crucial theory, but with minimal mathematics, Small Signal Audio Design is the must-have companion for anyone studying, researching, or working in audio engineering and audio electronics"--Provided by publisher. | ||
| 650 |
_aAudio amplifiers _vDesign and construction. |
||
| 650 |
_aSound _vRecording and reproducing. |
||
| 650 | _aSignal processing. | ||
| 942 |
_2lcc _cBK |
||
| 999 |
_c366529 _d366529 |
||